08450 2203865 4500001002100000008004100021035002000062245004200082110001900124250001300143260004100156300002100197020001800218084001600236082001000252650001000262990001400272990001400286990001400300990001400314990001400328990001400342990001400356990001400370990001400384990001400398990001400412990001400426990001400440990001400454990001400468990001400482990001400496990001400510990001400524990001400538990001400552990001400566990001400580990001400594990001400608990001400622990001400636990001400650990001400664990001400678990001400692990001400706990001400720990001400734990001400748990001400762990001400776990001400790990001400804990001400818990001400832990001400846990001400860990001400874990001400888990001400902990001400916990001400930990001400944990001400958990001400972990001400986990001401000990001401014990001401028990001401042990001401056990001401070990001401084990001401098990001401112990001401126990001401140990001401154990001401168990001401182990001401196990001401210990001401224990001401238990001401252990001401266990001401280990001401294990001401308990001401322990001401336990001401350990001401364990001401378990001401392990001401406990001401420990001401434990001401448990001401462990001401476990001401490990001401504990001401518990001401532990001401546990001401560990001401574990001401588990001401602990001401616990001401630990001401644990001401658990001401672990001401686990001401700990001401714990001401728990001401742990001401756990001401770990001401784990001401798990001401812990001401826990001401840990001401854990001401868990001401882990001401896990001401910990001401924990001401938990001401952990001401966990001401980990001401994990001402008990001402022990001402036990001402050990001402064990001402078990001402092990001402106990001402120990001402134990001402148990001402162990001402176990001402190990001402204990001402218990001402232990001402246990001402260990001402274990001402288990001402302990001402316990001402330990001402344990001402358990001402372990001402386990001402400990001402414990001402428990001402442990001402456990001402470990001402484990001402498990001402512990001402526990001402540990001402554990001402568990001402582990001402596990001402610990001402624990001402638990001402652990001402666990001402680990001402694990001402708990001402722990001402736990001402750990001402764990001402778990001402792990001402806990001402820990001402834990001402848990001402862990001402876990001402890990001402904990001402918990001402932990001402946990001402960990001402974990001402988990001403002990001403016990001403030990001403044990001403058990001403072990001403086990001403100990001403114990001403128990001403142990001403156990001403170990001403184990001403198990001403212990001403226990001403240990001403254990001403268990001403282990001403296990001403310990001403324990001403338990001403352990001403366990001403380990001403394990001403408990001403422990001403436990001403450990001403464990001403478990001403492990001403506990001403520990001403534990001403548990001403562990001403576990001403590990001403604990001403618990001403632990001403646990001403660990001403674990001403688990001403702990001403716990001403730990001403744990001403758990001403772990001403786990001403800990001403814990001403828990001403842990001403856990001403870990001403884990001403898990001403912990001403926990001403940990001403954990001403968990001403982990001403996990001404010990001404024990001404038990001404052990001404066990001404080990001404094990001404108990001404122990001404136990001404150990001404164990001404178990001404192990001404206990001404220990001404234990001404248990001404262990001404276990001404290990001404304990001404318990001404332990001404346990001404360990001404374990001404388990001404402990001404416990001404430990001404444990001404458990001404472990001404486990001404500990001404514990001404528990001404542990001404556990001404570INLIS000000000000050 ind  a0010-0724000005 aSEJARAH KEBUDAYAAN ISLAMcAHMAD YAHYA aDapat dipinjam aTersedia aYOGYAKARTAbDAFA BINTANG REKSAc2024 a98c20 X 28,5 CM a9789799946577 a297.9 AHM s a297.9 aagama aIKM.19378 aIKM.19379 aIKM.19380 aIKM.19381 aIKM.19382 aIKM.19383 aIKM.19384 aIKM.19385 aIKM.19386 aIKM.19387 aIKM.19388 aIKM.19389 aIKM.19390 aIKM.19391 aIKM.19392 aIKM.19393 aIKM.19394 aIKM.19395 aIKM.19396 aIKM.19397 aIKM.19398 aIKM.19399 aIKM.19400 aIKM.19401 aIKM.19402 aIKM.19403 aIKM.19404 aIKM.19405 aIKM.19406 aIKM.19407 aIKM.19408 aIKM.19409 aIKM.19410 aIKM.19411 aIKM.19412 aIKM.19413 aIKM.19414 aIKM.19415 aIKM.19416 aIKM.19417 aIKM.19418 aIKM.19419 aIKM.19420 aIKM.19421 aIKM.19422 aIKM.19423 aIKM.19424 aIKM.19425 aIKM.19426 aIKM.19427 aIKM.19428 aIKM.19429 aIKM.19430 aIKM.19431 aIKM.19432 aIKM.19433 aIKM.19434 aIKM.19435 aIKM.19436 aIKM.19437 aIKM.19438 aIKM.19439 aIKM.19440 aIKM.19441 aIKM.19442 aIKM.19443 aIKM.19444 aIKM.19445 aIKM.19446 aIKM.19447 aIKM.19448 aIKM.19449 aIKM.19450 aIKM.19451 aIKM.19452 aIKM.19453 aIKM.19454 aIKM.19455 aIKM.19456 aIKM.19457 aIKM.19458 aIKM.19459 aIKM.19460 aIKM.19461 aIKM.19462 aIKM.19463 aIKM.19464 aIKM.19465 aIKM.19466 aIKM.19467 aIKM.19468 aIKM.19469 aIKM.19470 aIKM.19471 aIKM.19472 aIKM.19473 aIKM.19474 aIKM.19475 aIKM.19476 aIKM.19477 aIKM.19478 aIKM.19479 aIKM.19480 aIKM.19481 aIKM.19482 aIKM.19483 aIKM.19484 aIKM.19485 aIKM.19486 aIKM.19487 aIKM.19488 aIKM.19489 aIKM.19490 aIKM.19491 aIKM.19492 aIKM.19493 aIKM.19494 aIKM.19495 aIKM.19496 aIKM.19497 aIKM.19498 aIKM.19499 aIKM.19500 aIKM.19501 aIKM.19502 aIKM.19503 aIKM.19504 aIKM.19505 aIKM.19506 aIKM.19507 aIKM.19508 aIKM.19509 aIKM.19510 aIKM.19511 aIKM.19512 aIKM.19513 aIKM.19514 aIKM.19515 aIKM.19516 aIKM.19517 aIKM.19518 aIKM.19519 aIKM.19520 aIKM.19521 aIKM.19522 aIKM.19523 aIKM.19524 aIKM.19525 aIKM.19526 aIKM.19527 aIKM.19528 aIKM.19529 aIKM.19530 aIKM.19531 aIKM.19532 aIKM.19533 aIKM.19534 aIKM.19535 aIKM.19536 aIKM.19537 aIKM.19538 aIKM.19539 aIKM.19540 aIKM.19541 aIKM.19542 aIKM.19543 aIKM.19544 aIKM.19545 aIKM.19546 aIKM.19547 aIKM.19548 aIKM.19549 aIKM.19550 aIKM.19551 aIKM.19552 aIKM.19553 aIKM.19554 aIKM.19555 aIKM.19556 aIKM.19557 aIKM.19558 aIKM.19559 aIKM.19560 aIKM.19561 aIKM.19562 aIKM.19563 aIKM.19564 aIKM.19565 aIKM.19566 aIKM.19567 aIKM.19568 aIKM.19569 aIKM.19570 aIKM.19571 aIKM.19572 aIKM.19573 aIKM.19574 aIKM.19575 aIKM.19576 aIKM.19577 aIKM.19578 aIKM.19579 aIKM.19580 aIKM.19581 aIKM.19582 aIKM.19583 aIKM.19584 aIKM.19585 aIKM.19586 aIKM.19587 aIKM.19588 aIKM.19589 aIKM.19590 aIKM.19591 aIKM.19592 aIKM.19593 aIKM.19594 aIKM.19595 aIKM.19596 aIKM.19597 aIKM.19598 aIKM.19599 aIKM.19600 aIKM.19601 aIKM.19602 aIKM.19603 aIKM.19604 aIKM.19605 aIKM.19606 aIKM.19607 aIKM.19608 aIKM.19609 aIKM.19610 aIKM.19611 aIKM.19612 aIKM.19613 aIKM.19614 aIKM.19615 aIKM.19616 aIKM.19617 aIKM.19618 aIKM.19619 aIKM.19620 aIKM.19621 aIKM.19622 aIKM.19623 aIKM.19624 aIKM.19625 aIKM.19626 aIKM.19627 aIKM.19628 aIKM.19629 aIKM.19630 aIKM.19631 aIKM.19632 aIKM.19633 aIKM.19634 aIKM.19635 aIKM.19636 aIKM.19637 aIKM.19638 aIKM.19639 aIKM.19640 aIKM.19641 aIKM.19642 aIKM.19643 aIKM.19644 aIKM.19645 aIKM.19646 aIKM.19647 aIKM.19648 aIKM.19649 aIKM.19650 aIKM.19651 aIKM.19652 aIKM.19653 aIKM.19654 aIKM.19655 aIKM.19656 aIKM.19657 aIKM.19658 aIKM.19659 aIKM.19660 aIKM.19661 aIKM.19662 aIKM.19663 aIKM.19664 aIKM.19665 aIKM.19666 aIKM.19667 aIKM.19668 aIKM.19669 aIKM.19670 aIKM.19671 aIKM.19672 aIKM.19673 aIKM.19674 aIKM.19675 aIKM.19676 aIKM.19677 aIKM.19678 aIKM.19679 aIKM.19680 aIKM.19681 aIKM.19682 aIKM.19683 aIKM.19684 aIKM.19685